000 01005nam a2200277 a 4500
001 52155
003 BD-RjUL
005 20211209075748.0
008 160906s1964 nyu 000 0 eng
035 _a(BD-RjUL)52275
035 _a(OCoLC)1086862
040 _aDLC
_cTxLT
_dUk
_dDLC
_dBD-RjUL
_beng
041 _aeng
082 _a624.17
_bBUM 1964
100 1 _aBull, Frank Bertram.
_9156012
245 1 0 _aMoment distribution in theory and practice
_c[by] F. B. Bull [and] G. Sved.
260 _aOxford;
_aNew York:
_bPergamon Press;
_bMacmillan,
_c1964
300 _a xii, 294 p. :
_billus.
_c20 cm.
500 _a"124."
504 _aIncludes bibliography: p. 293.
650 0 _aStructural analysis (Engineering)
_9156014
700 1 _aSved, George,
_d1910- ,
_ejt. auth.
_9156015
942 _2ddc
_cBK
999 _c52155
_d52155